Central Library OPAC University of Rajshahi

Principles of marketing / (Record no. 76414)

MARC details
000 -LEADER
fixed length control field 00886nam a2200301 a 4500
001 - CONTROL NUMBER
control field 76414
003 - CONTROL NUMBER IDENTIFIER
rucl marc code BD-RjUL
005 - DATE AND TIME OF LATEST TRANSACTION
control field 20211209082835.0
008 - FIXED-LENGTH DATA ELEMENTS--GENERAL INFORMATION
fixed length control field 191202s1962 n a b 001 0 eng d
035 ## - SYSTEM CONTROL NUMBER
System control number (BD-RjUL)76635
040 ## - CATALOGING SOURCE
Original cataloging agency BD-RjUL
Language of cataloging eng
Transcribing agency BD-RjUL
041 ## - LANGUAGE CODE
Language code of text/sound track or separate title eng
049 ## - LOCAL HOLDINGS (OCLC)
Holding library CU
Local processing data l
Missing elements +
082 ## - DEWEY DECIMAL CLASSIFICATION NUMBER
Edition number 23
Classification number 658.8
Author mark and year TOP 1962
092 ## - LOCALLY ASSIGNED DEWEY CALL NUMBER (OCLC)
Classification number D0501709938
100 10 - MAIN ENTRY--PERSONAL NAME
Personal name Tousley, Rayburn D
9 (RLIN) 235907
245 01 - TITLE STATEMENT
Title Principles of marketing /
Statement of responsibility, etc. Rayburn D Tousley; Eugene Clark; Fred E Clark
260 ## - PUBLICATION, DISTRIBUTION, ETC. (IMPRINT)
Place of publication, distribution, etc. Newyork :
Name of publisher, distributor, etc. The Macmillan Co. ,
Date of publication, distribution, etc. 1962
300 ## - PHYSICAL DESCRIPTION
Pagination xx, 716 p :
Illustrations ill ;
Size 25 cm
504 ## - BIBLIOGRAPHY, ETC. NOTE
Bibliography, etc Includes bibliographical references and index
650 #0 - SUBJECT ADDED ENTRY--TOPICAL TERM
Topical term or geographic name as entry element Marketing
9 (RLIN) 235908
700 ## - ADDED ENTRY--PERSONAL NAME
Personal name Clark, Eugene
Personal name Clark,; Fred E
942 ## - ADDED ENTRY ELEMENTS (KOHA)
Source of classification or shelving scheme Dewey Decimal Classification
Koha item type Books
Holdings
Lost status Source of classification or shelving scheme Damaged status Not for loan Collection code Permanent Location Current Location Shelving location Date acquired Source of acquisition Cost, normal purchase price Total Checkouts Full call number Date last seen Copy number Koha item type
  Dewey Decimal Classification   Not For Loan Non-fiction Central Library, University of Rajshahi Central Library, University of Rajshahi Reading Room 09/12/2021 N/A 0.00   658.8 TOP 1962 02/12/2019 C-1 Books
  Dewey Decimal Classification     Non-fiction Central Library, University of Rajshahi Central Library, University of Rajshahi   22/03/1963 Zeitlinger 60.00   658.8 TOP 1962 29/12/2019 C-2 Books